000 00154nam a22000857a 4500
082 _a823
100 _aTERSIO BOSCO
245 _aA BOY WITH DREAM
942 _cBK
999 _c8225
_d8225